[Event "Katowice rapid op"]
[Site "Katowice"]
[Date "2025.05.31"]
[Round "6"]
[White "Kania, Franciszek1"]
[Black "Glajc, Nikodem"]
[Result "1-0"]
[WhiteElo "2034"]
[BlackElo "1850"]
[PlyCount "69"]
[EventDate "2025.05.31"]
[EventType "swiss"]
[EventRounds "11"]
[EventCountry "POL"]
[SourceTitle "CB24_2025"]
[SourceDate "2025.06.11"]
[SourceVersion "1"]
[SourceVersionDate "2025.06.11"]
[SourceQuality "1"]

1. e4 c6 2. Nc3 d5 3. Nf3 dxe4 4. Nxe4 Nf6 5. Qe2 e6 6. d3 Nbd7 7. g3 Nxe4 8. dxe4 Nf6 9. Bg2 h6 10. 0-0 Bc5 11. b3 0-0 12. Bb2 a5 13. Rad1 Qe7 14. c4 b5 15. e5 Nh7 16. Nd2 Ra6 17. cxb5 cxb5 18. Qxb5 Rb6 19. Qxa5 Ra6 20. Qc3 Bb4 21. Qc2 Rxa2 22. Qb1 Ra7 23. Nc4 Rd8 24. Rxd8+ Qxd8 25. Rd1 Qe7 26. Nd6 Ba6 27. Bd4 Rd7 28. Qa1 Bxd6 29. exd6 Qxd6 30. Bf3 Bb7 31. Bxg7 Qe7 32. Rxd7 Qxd7 33. Bxb7 Qxb7 34. Bxh6 Nf6 35. Qxf6 1-0

[Event "Katowice rapid op"]
[Site "Katowice"]
[Date "2025.05.31"]
[Round "10"]
[White "Pajak, Patrycja"]
[Black "Glajc, Nikodem"]
[Result "1-0"]
[WhiteElo "1681"]
[BlackElo "1850"]
[PlyCount "177"]
[EventDate "2025.05.31"]
[EventType "swiss"]
[EventRounds "11"]
[EventCountry "POL"]
[SourceTitle "CB24_2025"]
[SourceDate "2025.06.11"]
[SourceVersion "1"]
[SourceVersionDate "2025.06.11"]
[SourceQuality "1"]

1. e4 c6 2. d4 d5 3. exd5 cxd5 4. Bf4 Nc6 5. c3 Nf6 6. Bd3 e6 7. Nf3 Bd6 8. Bxd6 Qxd6 9. 0-0 0-0 10. Re1 a6 11. Nbd2 Bd7 12. Ne5 Rfc8 13. f4 b5 14. a3 Na5 15. Nb3 Nc4 16. Qe2 Be8 17. Nc5 Nd7 18. Ncxd7 Bxd7 19. Rf1 g6 20. Qf2 f5 21. Rab1 Be8 22. Qh4 Nd2 23. Rbe1 Nxf1 24. Kxf1 Ra7 25. Nf3 Qe7 26. Qg3 Bd7 27. Ng5 Rf8 28. Re3 Rf6 29. Qh4 Rf8 30. Rh3 Bc8 31. Re3 Qd6 32. Kg1 Re8 33. Qf2 Rb7 34. h4 a5 35. h5 b4 36. hxg6 hxg6 37. Rh3 Kf8 38. Qh4 Ke7 39. Ne4+ Kd7 40. Nxd6 Kxd6 41. axb4 axb4 42. Qf6 bxc3 43. bxc3 Ree7 44. Rh8 Rec7 45. Qe5+ Kc6 46. Rd8 Kb6 47. Rd6+ Ka7 48. Ra6+ Kb8 49. Qe2 Rxc3 50. Qe5+ Rcc7 51. Ra2 Rb3 52. Bf1 Rb6 53. Qe2 Rc4 54. Rb2 Rxb2 55. Qxb2+ Kc7 56. Bxc4 dxc4 57. Qb4 Ba6 58. Qc5+ Kb7 59. Qe7+ Kb6 60. Qxe6+ Ka5 61. Qd5+ Kb4 62. Qc5+ Kb3 63. d5 c3 64. d6 c2 65. d7 Bc4 66. Qb6+ Kc3 67. Qa5+ Kb2 68. Qe1 c1Q 69. Qxc1+ Kxc1 70. d8Q Kc2 71. Kf2 Kc3 72. Qd6 Bd3 73. Qxg6 Be4 74. Qf6+ Kc4 75. Qe5 Kd3 76. Qd6+ Kc4 77. Kg3 Kc3 78. Qe5+ Kd3 79. Qd6+ Kc3 80. Qd1 Kc4 81. Qd2 Kc5 82. Kh4 Kc4 83. g4 fxg4 84. Kxg4 Bd3 85. f5 Be4 86. f6 Bd5 87. Qe2+ Kc5 88. Qe7+ Kc6 89. f7 1-0